Quizzes
Events
Quiz Creation
Community
Videos
Private Events
Remove Ads
Sign In
Join for FREE
Feedback
Dark Mode
Quiz Categories
Sports
Geography
Music
Movies
Television
Just For Fun
Miscellaneous
History
Literature
Language
Science
Gaming
Entertainment
Religion
Holiday
For Kids
Quiz Lab
Recent
Popular Today
Quiz Kudos Today
Editor Picks
Curator Picks
Quizzes by...
Day
Popularity
Type
Ratings
Length
Year
Community
Subscriptions
Recent Discussions
Orange Saloon
Badges
Playlists
Quests
Create
Leaderboards
Showdown
Live 5
Trivia Bingo
Activity
Puzzle Library
Sporcle Events
Private Events
Virtual Trivia
Globe League
Become a Host
Pub Owners
SporcleCon
Opinionation
Our Games
Videos
Blog
Mobile Apps
Partnerships
Remove Ads and Go Orange
Feedback
Music
Pop Music
The Beatles
Song
Album
Lyrics
Bands
Singers
Artist
Clip
Rock
Rap
Classical
Billboard
Country Music
Kpop
Taylor Swift
Music
Pop Music
The Beatles
Song
Album
Lyrics
Bands
Singers
Artist
Clip
Rock
Rap
Classical
Billboard
Country Music
Kpop
Taylor Swift
Random Quiz
Search Sporcle
×
Quiz Lab
Quiz Lab
Music
Clip
Type in answers that appear in a list
Type in answers that appear in a list
Classic
Best Score? Go Orange.
00s Songs In Reverse Stats
Can you name the songs released in the 2000s played in reverse?
By
Skint1987
12m
20 Questions
554 Plays
554 Plays
554 Plays
Comments
Comments
Give Quiz Kudos
Give Quiz Kudos
-
- Ratings
hide this ad
Replay
Link that replays current quiz
Next Quiz
Link to next quiz in quiz playlist
You Got
0%
They Got
Avg Score
47%
Avg Friend Score
Upgrade to see
Score Distribution
Jump to the score distribution portion of the page
Score
0/20
Timer
12:00
0
Plays Today
Time
Song Title
% Correct
0:12
Lose Yourself
90.6%
2:36
Poker Face
84.7%
1:12
Yeah!
79.1%
2:00
Gold Digger
76.5%
3:00
Clocks
74%
2:12
Chasing Cars
71.8%
0:00
Kids
70.9%
3:12
Crazy In Love
68.2%
0:48
Clint Eastwood
64.8%
0:24
The Middle
61.7%
Time
Song Title
% Correct
1:00
Hurt
54.9%
2:24
Last Resort
42.1%
1:48
Tribute
35.2%
2:48
I Bet That You Look Good On The Dancefloor
28.2%
0:36
Pure Shores
22.4%
1:24
Girl All The Bad Guys Want
13%
3:48
Clubbed To Death (Kurayamino Variation)
7.4%
1:36
Slam
5.6%
3:36
Drunken Lullabies
4.5%
3:24
Adagio For Strings
4.2%
Quiz Playlist
Details
Report
Send in Message
Add To Playlist
Classic:
Type in answers that appear in a list
Last Updated: Feb 16, 2017
Quiz Scoreboard
CHALLENGE
Sign Up to Join the Scoreboard
Show All
Scores
Hide
Comments
May contain spoilers
Recently Published
One Thing in Common: World Cities II
by knightlancer
Geography
7m
Popular People in 1961
by mucciniale
History
6m
1-10 Letter E Words III
by El_Dandy
Language
2m
More to Explore
Quiz From the Vault
Featured Blog Post
Where Did the Easter Bunny Come From?
hide this ad
You Might Also Like...
Tags
Clip Quiz
Song Quiz
Audio Quiz
Music Clip
Reverse
Song List
Today's Top Quizzes in Music
Browse Music
hide this ad
Today's Top Quizzes in Clip
Browse Clip
Top Contributed Quizzes in Music
1
Taylor Swift All Songs (2024)
2
2010s Album by Cover III
3
Taylor Swift Logic Puzzle
4
One Thing in Common: Music
5
Guess the Artist- 70s Songs
6
Guess the Taylor Swift song (Mystery Song)
7
2010s Album by Cover V
8
2010s Album by Cover IV
9
Lana Del Rey Discography (BTD to DYKTTATUOB)
10
KPOP LOGIC QUIZ
Explore More
Trending Topics
Marvel
Crossword
Harry Potter
Kpop
Anime
NBA
Disney
NFL
The Office
Soccer
WWE
Country
Puzzle
Pokémon
Song
hide this ad
More By:
Skint1987
Quiz
Plays
Rating
Category
Featured
Created
Click the American Actors
68,919
4.41
Movies
May 14, 2013
Music Video Clips 90s 2
3,774
4.60
Music
Jan 26, 2012
Advert Clips (UK)
3,392
4.87
Television
Sep 25, 2011
Music Video Clips 80s 2
2,274
4.86
Music
Jan 31, 2012
Kazoo Cover Versions
1,332
4.47
Music
Sep 19, 2011
Go to Creator's Profile
Score Distribution
Quiz Creator Spotlight
Skint1987
Follow
Send a Message
Quizzes Created
-
Created Quiz Play Count
-
More By This Creator
Popular Quizzes Today
1
Find the US States - No Outlines Minefield
2
The Countries of the World
3
Popular People in 1961
4
Find the Countries of Europe - No Outlines Minefield
5
1-10 Letter E Words III
6
Find the US States
7
One Thing in Common: World Cities II
8
US States
More Music Quizzes
Three Hits in One Year (UK) IX
Quiz Lab
Trending Quizzes
1-10 Letter F Words
1-10 Letter G Words
Risky Map Clicking: Next State Alphabetically
1-10 Letter F Words II
Risky Map Clicking: States by Unique Starting Letters
Recently Updated
Leaping Animals
pecheneg
Reality TV Shows (A-Z)
bhenderson79
Rickey Henderson's Hall of Fame Teammates
pecheneg
Champions League XIs: Arsenal
pecheneg
Quick Pick: Celebrities in WWE's Hall of Fame
aduchscher
A-Z Keypad Blitz II
pecheneg
Multiple Oscar Actors
pecheneg
Mystery Phrase Blitz: Oscar 'Best Actors'
pecheneg
F. Scott Fitzgerald Novels
LTH
Pick 3 Villains
ddd62291
Trending Topics
Disney
Crossword
Anime
Kpop
Harry Potter
NBA
Marvel
Country
The Office
NFL
Puzzle
WWE
Song
Soccer
Pokémon
Your Account Isn't Verified!
In order to create a playlist on Sporcle, you need to verify the email address you used during registration. Go to your
Sporcle Settings
to finish the process.
Report this User
Report this user for behavior that violates our
Community Guidelines
.
Details:
Send Report
Go to the Sporcle.com Mobile Site →
Comments